MARC details
| 000 -CABECERA |
| campo de control de longitud fija |
01195nam a2200289 a 4500 |
| 001 - NÚMERO DE CONTROL |
| campo de control |
000005426 |
| 005 - FECHA Y HORA DE LA ÚLTIMA TRANSACCIÓN |
| campo de control |
20251112114425.0 |
| 008 - DATOS DE LONGITUD FIJA--INFORMACIÓN GENERAL |
| campo de control de longitud fija |
090819s1997 000 spa d |
| 020 ## - NÚMERO INTERNACIONAL ESTÁNDAR DEL LIBRO |
| Número Internacional Estándar del Libro |
8400076494 |
| 040 ## - FUENTE DE LA CATALOGACIÓN |
| Centro catalogador/agencia de origen |
DO-SdBNP |
| Lengua de catalogación |
spa |
| Centro/agencia transcriptor |
BNPHU |
| 082 ## - NÚMERO DE LA CLASIFICACIÓN DECIMAL DEWEY |
| Número de clasificación |
970.1 |
| -- |
A958 |
| 049 ## - FONDOS LOCALES (OCLC) |
| Fondos de biblioteca |
BNPD |
| 100 1# - ENTRADA PRINCIPAL--NOMBRE DE PERSONA |
| Nombre de persona |
Ávila, Carlos Lázaro |
| 9 (RLIN) |
15401 |
| 245 #4 - MENCIÓN DE TÍTULO |
| Título |
Las fronteras de América y los "Flandes Indianos". |
| 260 ## - PUBLICACIÓN, DISTRIBUCIÓN, ETC. |
| Lugar de publicación, distribución, etc. |
Madrid : |
| Nombre del editor, distribuidor, etc. |
Cosejo Superior de Invesitigacines Ciemtíficas Centro de Estudios, Históricos, Departamento de hitoria de América, |
| Fecha de publicación, distribución, etc. |
1997. |
| 300 ## - DESCRIPCIÓN FÍSICA |
| Extensión |
127 p. ; |
| Dimensiones |
24 cm. |
| 490 ## - MENCIÓN DE SERIE |
| Mención de serie |
Colección tierra nueva e cielo nuevo ; |
| Designación de volumen o secuencia |
no. 35 |
| 500 ## - NOTA GENERAL |
| Nota general |
Incluye bibliografía (p. [129]-135) |
| 504 ## - NOTA DE BIBLIOGRAFÍA, ETC. |
| Nota de bibliografía, etc. |
Incluye notas y referncias bibliográficas al pie de las páginas. |
| 650 #4 - PUNTO DE ACCESO ADICIONAL DE MATERIA--TÉRMINO DE MATERIA |
| Término de materia o nombre geográfico como elemento de entrada |
Límites |
| 9 (RLIN) |
15402 |
| 650 #4 - PUNTO DE ACCESO ADICIONAL DE MATERIA--TÉRMINO DE MATERIA |
| Término de materia o nombre geográfico como elemento de entrada |
Indios |
| Subdivisión geográfica |
América Del Norte |
| Subdivisión general |
História |
| 9 (RLIN) |
15403 |
| 650 #4 - PUNTO DE ACCESO ADICIONAL DE MATERIA--TÉRMINO DE MATERIA |
| Término de materia o nombre geográfico como elemento de entrada |
Indios |
| Subdivisión geográfica |
América Del Sur |
| Subdivisión general |
História |
| 9 (RLIN) |
15404 |
| 650 #4 - PUNTO DE ACCESO ADICIONAL DE MATERIA--TÉRMINO DE MATERIA |
| Término de materia o nombre geográfico como elemento de entrada |
Indios |
| Subdivisión geográfica |
América Del Norte |
| Subdivisión general |
Codiciones sociales |
| 9 (RLIN) |
15405 |
| 650 #0 - PUNTO DE ACCESO ADICIONAL DE MATERIA--TÉRMINO DE MATERIA |
| Término de materia o nombre geográfico como elemento de entrada |
INDIOS |
| Subdivisión geográfica |
AMÉRICA DEL SUR |
| Subdivisión general |
CONDICIONES SOCIALES |
| 9 (RLIN) |
15406 |
| 710 2# - PUNTO DE ACCESO ADICIONAL--NOMBRE DE ENTIDAD CORPORATIVA |
| Nombre de entidad corporativa o nombre de jurisdicción como elemento de entrada |
Departamento de hitoria de América1997 |
| 9 (RLIN) |
15407 |
| 830 #0 - PUNTO DE ACCESO ADICIONAL DE SERIE-TÍTULO UNIFORME |
| Título uniforme |
Colección tierra nueva e cielo nuevo ; |
| Designación de volumen o secuencia |
no. 35 |
| 9 (RLIN) |
15408 |